Systems Analysis and Design (Record no. 61993)
[ view plain ]
| 000 -LEADER | |
|---|---|
| fixed length control field | 00705nam a22002177a 4500 |
| 003 - CONTROL NUMBER IDENTIFIER | |
| control field | NUST-PNEC |
| 005 - DATE AND TIME OF LATEST TRANSACTION | |
| control field | 20170116180736.0 |
| 008 - FIXED-LENGTH DATA ELEMENTS--GENERAL INFORMATION | |
| fixed length control field | 141126b xxu||||| |||| 00| 0 eng d |
| 020 ## - INTERNATIONAL STANDARD BOOK NUMBER | |
| International Standard Book Number | 9788120342064 |
| 040 ## - CATALOGING SOURCE | |
| Transcribing agency | PNEC |
| 082 ## - DEWEY DECIMAL CLASSIFICATION NUMBER | |
| Classification number | 005.42 KEN |
| 100 ## - MAIN ENTRY--PERSONAL NAME | |
| 9 (RLIN) | 1049 |
| Personal name | kendall Kenneth E |
| 245 ## - TITLE STATEMENT | |
| Title | Systems Analysis and Design |
| Statement of responsibility, etc. | Kenneth E. Kendall |
| 250 ## - EDITION STATEMENT | |
| Edition statement | 8th Ed |
| 260 ## - PUBLICATION, DISTRIBUTION, ETC. | |
| Place of publication, distribution, etc. | New Jersey USA |
| Name of publisher, distributor, etc. | Pearson Education Inc |
| Date of publication, distribution, etc. | c.2011 |
| 300 ## - PHYSICAL DESCRIPTION | |
| Extent | xxviii, 572 p. : |
| Other physical details | ill. ; |
| Dimensions | 28 cm. |
| 500 ## - GENERAL NOTE | |
| General note | Includes Index. |
| 651 ## - SUBJECT ADDED ENTRY--GEOGRAPHIC NAME | |
| General subdivision | MIS, Computer |
| 856 ## - ELECTRONIC LOCATION AND ACCESS | |
| Uniform Resource Identifier | <a href="http://www.amazon.com/Systems-Analysis-Design-8th/dp/8120342062/ref=sr_1_1?ie=UTF8&qid=1416993162&sr=8-1&keywords=9788120342064">http://www.amazon.com/Systems-Analysis-Design-8th/dp/8120342062/ref=sr_1_1?ie=UTF8&qid=1416993162&sr=8-1&keywords=9788120342064</a> |
| 942 ## - ADDED ENTRY ELEMENTS (KOHA) | |
| Source of classification or shelving scheme | |
| Koha item type | Book |
| Withdrawn status | Lost status | Source of classification or shelving scheme | Damaged status | Not for loan | Permanent Location | Current Location | Shelving location | Date acquired | Source of acquisition | Cost, normal purchase price | Total Checkouts | Full call number | Barcode | Date last seen | Cost, replacement price | Price effective from | Koha item type |
|---|---|---|---|---|---|---|---|---|---|---|---|---|---|---|---|---|---|
| Pakistan Navy Engineering College (PNEC) | Pakistan Navy Engineering College (PNEC) | 01/09/2014 | Library Grant | 1020.80 | 005.42 KEN | PNECLIB-031604 | 11/26/2014 | 1020.80 | 11/26/2014 | Book |
